000 003350000a22001450004500
005 20120302065129.0
942 _cBOOK
100 _a Khandekar, Pra.Bhalchandra
245 _a Gabal (Dadasaheb Malhari More)
260 _aPune:Anmol Prakashan
300 _a65p
040 _aMar
365 _b10/-
650 _aAtmakathan, Sankeerna
999 _c363974
_d363971